La tematización de las comunicaciones en América Latina

Este trabajo da cuenta de las tendencias actuales en los sistemas comunicativos en la década del 80. Primeramente, se examina el itinerario conceptual de los estudios de la comunicación, dando cuenta de sus diferentes “momentos” y de los paradigmas que tendían a prevalecer. Posteriormente, se analiz...

Full description

Bibliographic Details
Main Author: Catalán, Carlos
Other Authors: Sunkel, Guillermo
Format: Libro
Language:Spanish
Published: Santiago: FLACSO, 1991.
Subjects:

MARC

LEADER 00000cam a2200000 a 4500
001 033591
003 UAHC_CL
005 20220121120639.0
008 010822s1991 cl j 000 1 espa
040 |a UAHC_CL  |c UAHC_CL  |d UAHC_CL 
082 0 4 |a FLACSO 0-551 
100 |a Catalán, Carlos  |9 14552 
245 1 3 |a La tematización de las comunicaciones en América Latina  |c Carlos Catalán y Guillermo Sunkel. 
260 |a Santiago:  |b FLACSO,  |c 1991. 
300 |a 30 páginas. 
520 |a Este trabajo da cuenta de las tendencias actuales en los sistemas comunicativos en la década del 80. Primeramente, se examina el itinerario conceptual de los estudios de la comunicación, dando cuenta de sus diferentes “momentos” y de los paradigmas que tendían a prevalecer. Posteriormente, se analizan las principales tendencias que se desarrollaron en la década del 80, en un contexto de “crisis de paradigmas”. 
650 0 |a Telecomunicaciones  |9 14554  |x América Latina 
700 |9 14553  |a Sunkel, Guillermo 
900 |a FLACSO 0-657 
942 |c BK 
952 |0 0  |1 0  |4 0  |6 FLACSO_0657  |7 0  |8 COMP  |9 94906  |a BC  |b BC  |c General  |d 2022-01-21  |l 0  |o FLACSO 0-657  |p 1443608  |r 2022-01-21 00:00:00  |t c.1  |w 2022-01-21  |y BK 
999 |c 59086  |d 59086